000 01033nam a22002657a 4500
005 20170123162319.0
010 _aB-097968
020 _c250.00
_a8182230381
035 _aB-097968
037 _bCen Lib/Ret
040 _aDPL
_bUR
082 _aن
_b ن ز ر
100 _aنذر سجاّد حىدر
_9107741
245 _aحرماں نصىب، آه مظلوماں :
_cنذر سجاّد حىدر ؛ مرتبّه، قرةالعىن حىدر
_bناول /
246 _aḤurmān̲ naṣīb, Āh-i maẓlūmān̲ : nāvil /
_bby Nazar Sajjad Hyder ; edited by Qurratul-ain-Hyder
260 _a دہلی
_bاىجوکىشنل پبلشنگ هاؤس
_c2004
270 _a٣٠١٨، گلی وکیل کوچہ پنڈت، لال کوان
_b دہلی
_e110006
300 _a93p.
_c21cm(Hb)
650 _a ادب - اردو
_9116321
650 _a اردو ناول
_9547
650 _aLiterature -- Urdu
_9116322
650 _aUrdu novel
_9116323
700 _aقرةالعىن حىدر
_913995
942 _2ddc
_cUR
_hن
_m ن ز ر
999 _c106969
_d106969